[Event "Eliminacje Strefowe do MPJ WP+ZP - C-11"]
[Site "Skorzecin"]
[Date "2018.09.24"]
[Round "1.1"]
[White "Katny, Tymoteusz"]
[Black "Skrzypinski, Jan"]
[Result "0-1"]
[BlackElo "1423"]
[WhiteElo "1037"]
[LiveChessVersion "1.4.8"]

1. e4 {[%clk 1:30:57]} c5 {[%clk 1:30:55]} 2. Bc4 {[%clk 1:30:39]} e6
{[%clk 1:31:04]} 3. Nf3 {[%clk 1:27:02]} a6 {[%clk 1:31:16]} 4. d4
{[%clk 1:19:52]} cxd4 {[%clk 1:31:36]} 5. Qxd4 {[%clk 1:20:02]} Nc6
{[%clk 1:31:57]} 6. Qd1 {[%clk 1:19:12]} d6 {[%clk 1:31:40]} 7. O-O
{[%clk 1:08:47]} Nf6 {[%clk 1:31:58]} 8. Bg5 {[%clk 1:08:39]} Be7
{[%clk 1:32:18]} 9. Re1 {[%clk 1:04:26]} b5 {[%clk 1:31:39]} 10. Bd3
{[%clk 1:03:40]} e5 {[%clk 1:31:42]} 11. Nc3 {[%clk 1:00:59]} Be6
{[%clk 1:31:18]} 12. Nd5 {[%clk 0:59:35]} Nxd5 {[%clk 1:31:20]} 13. exd5
{[%clk 0:57:00]} Bxd5 {[%clk 1:31:34]} 14. Bxe7 {[%clk 0:55:58]} Nxe7
{[%clk 1:31:56]} 15. b3 {[%clk 0:54:19]} Rc8 {[%clk 1:32:07]} 16. Rc1
{[%clk 0:51:34]} O-O {[%clk 1:31:59]} 17. c4 {[%clk 0:48:46]} bxc4
{[%clk 1:32:21]} 18. bxc4 {[%clk 0:48:31]} Be6 {[%clk 1:32:44]} 19. Ng5
{[%clk 0:46:25]} h6 {[%clk 1:32:06]} 20. Nxe6 {[%clk 0:44:55]} fxe6
{[%clk 1:32:27]} 21. Qg4 {[%clk 0:43:18]} Nf5 {[%clk 1:32:30]} 22. c5
{[%clk 0:41:23]} dxc5 {[%clk 1:31:45]} 23. Bxa6 {[%clk 0:40:20]} Rc6
{[%clk 1:28:09]} 24. Bb5 {[%clk 0:40:27]} Rb6 {[%clk 1:28:30]} 25. Rxc5
{[%clk 0:40:24]} Qd2 {[%clk 1:27:54]} 26. Kf1 {[%clk 0:39:20]} Ne3+
{[%clk 1:28:05]} 27. Kg1 {[%clk 0:38:32]} Qxe1+ {[%clk 1:28:49]} 28. Bf1
{[%clk 0:38:40]} Qxf1# 0-1

[Event "Eliminacje Strefowe do MPJ WP+ZP - C-11"]
[Site "Skorzecin"]
[Date "2018.09.24"]
[Round "1.2"]
[White "Baszczynski, Gabriel"]
[Black "Swiderski, Milosz"]
[Result "1-0"]
[BlackElo "1016"]
[WhiteElo "1363"]
[LiveChessVersion "1.4.8"]

1. Nf3 {[%clk 1:30:58]} f5 {[%clk 1:30:45]} 2. d3 {[%clk 1:31:03]} Nf6
{[%clk 1:30:42]} 3. Nbd2 {[%clk 1:31:29]} e6 {[%clk 1:30:32]} 4. g3
{[%clk 1:31:47]} d6 {[%clk 1:30:15]} 5. Bg2 {[%clk 1:32:09]} Be7 {[%clk 1:29:27]}
6. e4 {[%clk 1:32:20]} Nc6 {[%clk 1:26:10]} 7. b3 {[%clk 1:32:04]} O-O
{[%clk 1:23:05]} 8. Bb2 {[%clk 1:32:10]} e5 {[%clk 1:20:00]} 9. Qe2
{[%clk 1:32:14]} h6 {[%clk 1:18:15]} 10. O-O-O {[%clk 1:32:27]} Be6
{[%clk 1:17:37]} 11. Nh4 {[%clk 1:32:27]} Qd7 {[%clk 1:14:07]} 12. Rhe1
{[%clk 1:31:48]} a5 {[%clk 1:12:57]} 13. f4 {[%clk 1:32:03]} a4 {[%clk 1:06:18]}
14. exf5 {[%clk 1:31:03]} Bxf5 {[%clk 1:04:22]} 15. fxe5 {[%clk 1:30:55]} Ng4
{[%clk 0:52:53]} 16. e6 {[%clk 1:30:49]} Qc8 {[%clk 0:52:31]} 17. Bxc6
{[%clk 1:29:20]} bxc6 {[%clk 0:52:37]} 18. Nxf5 {[%clk 1:29:42]} Rxf5
{[%clk 0:50:04]} 19. Qxg4 {[%clk 1:30:00]} Rg5 {[%clk 0:50:10]} 20. Qc4
{[%clk 1:29:37]} axb3 {[%clk 0:49:46]} 21. axb3 {[%clk 1:29:42]} Rc5
{[%clk 0:49:11]} 22. Qf4 {[%clk 1:29:46]} Qe8 {[%clk 0:46:00]} 23. Rf1
{[%clk 1:29:51]} Qf8 {[%clk 0:41:41]} 24. Qf7+ {[%clk 1:29:53]} Qxf7
{[%clk 0:41:47]} 25. Rxf7 {[%clk 1:30:16]} Bf6 {[%clk 0:41:47]} 26. Bxf6
{[%clk 1:30:26]} gxf6 {[%clk 0:42:04]} 27. Ne4 {[%clk 1:30:16]} Rf5
{[%clk 0:38:29]} 28. Nxf6+ {[%clk 1:30:37]} Rxf6 {[%clk 0:37:46]} 29. Rxf6
{[%clk 1:30:55]} Kg7 {[%clk 0:37:43]} 30. Rf7+ {[%clk 1:30:59]} Kg8
{[%clk 0:37:51]} 31. Rdf1 {[%clk 1:31:10]} Ra1+ {[%clk 0:36:11]} 32. Kd2
{[%clk 1:31:31]} Ra5 {[%clk 0:34:20]} 33. R1f5 {[%clk 1:31:44]} Re5
{[%clk 0:34:10]} 34. Rxe5 {[%clk 1:31:41]} dxe5 {[%clk 0:34:32]} 35. Rf1
{[%clk 1:32:07]} e4 {[%clk 0:34:53]} 36. e7 {[%clk 1:32:27]} e3+ {[%clk 0:35:09]}
37. Kxe3 {[%clk 1:32:52]} c5 {[%clk 0:35:11]} 38. e8=Q+ {[%clk 1:33:15]} Kh7
{[%clk 0:35:26]} 39. Rf7+ {[%clk 1:33:31]} Kg6 {[%clk 0:35:47]} 40. Qg8+
{[%clk 1:33:47]} Kh5 {[%clk 0:36:07]} 41. Rf5# 1-0

[Event "Eliminacje Strefowe do MPJ WP+ZP - C-11"]
[Site "Skorzecin"]
[Date "2018.09.25"]
[Round "2.2"]
[White "Kolendo, Kajetan"]
[Black "Baszczynski, Gabriel"]
[Result "1-0"]
[BlackElo "1363"]
[WhiteElo "1152"]
[LiveChessVersion "1.4.8"]

1. e4 {[%clk 1:30:57]} c5 {[%clk 1:30:56]} 2. Nf3 {[%clk 1:31:22]} e6
{[%clk 1:31:21]} 3. Nc3 {[%clk 1:31:24]} a6 {[%clk 1:31:36]} 4. Bc4
{[%clk 1:31:42]} d6 {[%clk 1:31:37]} 5. a3 {[%clk 1:31:27]} Nf6 {[%clk 1:31:59]}
6. O-O {[%clk 1:31:44]} Be7 {[%clk 1:32:16]} 7. Re1 {[%clk 1:31:33]} O-O
{[%clk 1:32:39]} 8. d3 {[%clk 1:30:59]} Nbd7 {[%clk 1:32:44]} 9. e5
{[%clk 1:29:19]} dxe5 {[%clk 1:31:54]} 10. Nxe5 {[%clk 1:29:37]} Nxe5
{[%clk 1:30:35]} 11. Rxe5 {[%clk 1:30:05]} Qc7 {[%clk 1:30:42]} 12. Re1
{[%clk 1:26:25]} b6 {[%clk 1:30:19]} 13. Ne4 {[%clk 1:13:05]} Bb7
{[%clk 1:28:28]} 14. Nxf6+ {[%clk 1:08:16]} Bxf6 {[%clk 1:28:46]} 15. Qg4
{[%clk 1:04:51]} Rfe8 {[%clk 1:27:14]} 16. Bf4 {[%clk 1:01:14]} Qc6
{[%clk 1:27:05]} 17. c3 {[%clk 1:00:52]} b5 {[%clk 1:23:46]} 18. Bb3
{[%clk 1:00:44]} a5 {[%clk 1:23:13]} 19. Bd1 {[%clk 0:59:09]} b4 {[%clk 1:20:55]}
20. Be5 {[%clk 0:51:51]} Bxe5 {[%clk 1:19:43]} 21. Rxe5 {[%clk 0:51:48]} f5
{[%clk 1:19:32]} 22. Qg5 {[%clk 0:47:31]} Qd6 {[%clk 1:18:57]} 23. Qe3
{[%clk 0:45:08]} Rad8 {[%clk 1:18:53]} 24. Bc2 {[%clk 0:44:15]} Qc6
{[%clk 1:16:22]} 25. f3 {[%clk 0:43:17]} Rd6 {[%clk 1:12:39]} 26. axb4
{[%clk 0:42:30]} cxb4 {[%clk 1:12:53]} 27. Ba4 {[%clk 0:42:35]} Qc8
{[%clk 1:12:56]} 28. Bxe8 {[%clk 0:42:21]} Qxe8 {[%clk 1:13:13]} 29. Raxa5
{[%clk 0:42:03]} Bc8 {[%clk 1:11:32]} 30. Ra8 {[%clk 0:41:41]} Qc6
{[%clk 1:11:56]} 31. Ra1 {[%clk 0:40:02]} bxc3 {[%clk 1:12:06]} 32. bxc3
{[%clk 0:40:19]} Ba6 {[%clk 1:12:04]} 33. d4 {[%clk 0:40:06]} Qc4
{[%clk 1:11:33]} 34. Rc5 {[%clk 0:39:16]} Qb3 {[%clk 1:11:44]} 35. Qe5
{[%clk 0:35:50]} Rb6 {[%clk 1:11:07]} 36. Rc7 {[%clk 0:34:22]} Rb7
{[%clk 1:11:29]} 37. Qxg7# 1-0

[Event "Eliminacje Strefowe do MPJ WP+ZP - C-11"]
[Site "Skorzecin"]
[Date "2018.09.25"]
[Round "2.3"]
[White "Stanislawski, Karol"]
[Black "Labedzki, Kamil"]
[Result "0-1"]
[BlackElo "1210"]
[WhiteElo "1072"]
[LiveChessVersion "1.4.8"]

1. d4 {[%clk 1:30:57]} Nf6 {[%clk 1:30:59]} 2. c4 {[%clk 1:31:18]} e6
{[%clk 1:31:13]} 3. Nf3 {[%clk 1:31:38]} Bb4+ {[%clk 1:28:34]} 4. Bd2
{[%clk 1:31:12]} Bxd2+ {[%clk 1:28:11]} 5. Nbxd2 {[%clk 1:31:19]} d5
{[%clk 1:27:30]} 6. g3 {[%clk 1:30:44]} b6 {[%clk 1:26:13]} 7. Bg2
{[%clk 1:30:31]} Bb7 {[%clk 1:26:15]} 8. O-O {[%clk 1:30:04]} O-O
{[%clk 1:26:34]} 9. Rc1 {[%clk 1:29:51]} Nc6 {[%clk 1:23:52]} 10. e3
{[%clk 1:28:43]} Ne7 {[%clk 1:22:23]} 11. Qe2 {[%clk 1:27:28]} a5
{[%clk 1:22:15]} 12. Ne5 {[%clk 1:23:27]} Ng6 {[%clk 1:21:19]} 13. cxd5
{[%clk 1:19:45]} Ba6 {[%clk 1:21:23]} 14. Ndc4 {[%clk 1:18:58]} exd5
{[%clk 1:21:02]} 15. Qf3 {[%clk 1:18:48]} dxc4 {[%clk 1:20:35]} 16. Qxa8
{[%clk 1:19:06]} Qxa8 {[%clk 1:20:14]} 17. Bxa8 {[%clk 1:19:13]} Rxa8
{[%clk 1:20:36]} 18. Nxc4 {[%clk 1:18:44]} Nd5 {[%clk 1:19:00]} 19. Rfd1
{[%clk 1:18:23]} c6 {[%clk 1:15:24]} 20. Nd2 {[%clk 1:16:39]} Nge7
{[%clk 1:13:55]} 21. Ne4 {[%clk 1:13:17]} 0-1

[Event "Eliminacje Strefowe do MPJ WP+ZP - C-11"]
[Site "Skorzecin"]
[Date "2018.09.25"]
[Round "3.1"]
[White "Labedzki, Kamil"]
[Black "Skrzypinski, Jan"]
[Result "0-1"]
[BlackElo "1423"]
[WhiteElo "1210"]
[LiveChessVersion "1.4.8"]

1. e4 {[%clk 1:30:58]} d6 {[%clk 1:30:56]} 2. d4 {[%clk 1:30:46]} Nf6
{[%clk 1:31:15]} 3. Nc3 {[%clk 1:30:31]} g6 {[%clk 1:31:32]} 4. Bc4
{[%clk 1:28:48]} Bg7 {[%clk 1:31:28]} 5. Qd3 {[%clk 1:24:50]} O-O
{[%clk 1:30:35]} 6. Be3 {[%clk 1:21:40]} Nbd7 {[%clk 1:29:25]} 7. O-O-O
{[%clk 1:19:03]} e5 {[%clk 1:29:07]} 8. Nge2 {[%clk 1:14:29]} c6 {[%clk 1:27:48]}
9. f4 {[%clk 1:13:05]} Qc7 {[%clk 1:27:05]} 10. fxe5 {[%clk 1:10:02]} dxe5
{[%clk 1:27:25]} 11. d5 {[%clk 1:10:08]} cxd5 {[%clk 1:26:52]} 12. Nxd5
{[%clk 1:09:39]} Nxd5 13. Bxd5 {[%clk 1:07:28]} Nf6 {[%clk 1:23:17]} 14. h3
{[%clk 1:02:33]} Re8 {[%clk 1:21:29]} 15. Qb3 {[%clk 0:59:45]} Be6
{[%clk 1:21:33]} 16. Nc3 {[%clk 0:57:32]} a6 {[%clk 1:16:30]} 17. a3
{[%clk 0:47:42]} Bxd5 {[%clk 1:07:30]} 18. Nxd5 {[%clk 0:47:00]} Nxd5
{[%clk 1:07:32]} 19. Rxd5 {[%clk 0:46:43]} b5 {[%clk 1:07:53]} 20. Rhd1
{[%clk 0:46:49]} Red8 {[%clk 1:07:44]} 21. Qd3 {[%clk 0:44:46]} Rxd5
{[%clk 1:06:56]} 22. Qxd5 {[%clk 0:44:49]} Rc8 {[%clk 1:06:54]} 23. c3
{[%clk 0:44:05]} Bf6 {[%clk 1:05:47]} 24. Qd6 {[%clk 0:41:36]} Be7
{[%clk 1:03:13]} 25. Qxa6 {[%clk 0:38:34]} Qc4 {[%clk 1:02:20]} 26. Qb7
{[%clk 0:38:07]} Bxa3 {[%clk 1:02:19]} 27. Kb1 {[%clk 0:35:27]} Bxb2
{[%clk 1:00:06]} 28. Qd5 {[%clk 0:34:47]} Qxc3 {[%clk 0:59:14]} 29. Bh6
{[%clk 0:34:37]} Qc2+ {[%clk 0:59:26]} 30. Ka2 {[%clk 0:34:48]} Bc3+
{[%clk 0:59:40]} 31. Ka3 {[%clk 0:34:59]} Qb2# 0-1

[Event "Eliminacje Strefowe do MPJ WP+ZP - C-11"]
[Site "Skorzecin"]
[Date "2018.09.25"]
[Round "3.2"]
[White "Ratajczak, Marcin"]
[Black "Kolendo, Kajetan"]
[Result "1/2-1/2"]
[BlackElo "1152"]
[WhiteElo "1129"]
[LiveChessVersion "1.4.8"]

1. e4 {[%clk 1:30:55]} e6 {[%clk 1:30:57]} 2. d4 {[%clk 1:31:15]} d5
{[%clk 1:31:24]} 3. exd5 {[%clk 1:31:25]} exd5 {[%clk 1:31:52]} 4. Nf3
{[%clk 1:31:47]} Nf6 {[%clk 1:32:14]} 5. Bd3 {[%clk 1:31:49]} Bd6
{[%clk 1:32:37]} 6. O-O {[%clk 1:31:00]} O-O {[%clk 1:33:02]} 7. Bg5
{[%clk 1:29:05]} Bg4 {[%clk 1:33:09]} 8. Nc3 {[%clk 1:27:35]} c6 {[%clk 1:33:34]}
9. Re1 {[%clk 1:22:31]} Nbd7 {[%clk 1:33:49]} 10. h3 {[%clk 1:19:09]} Bh5
{[%clk 1:34:13]} 11. a3 {[%clk 1:12:45]} Qc7 {[%clk 1:34:25]} 12. Rb1
{[%clk 0:59:12]} h6 13. Bd2 Rfe8 {[%clk 1:32:22]} 14. Be2 {[%clk 0:57:53]} Re7
{[%clk 1:30:24]} 15. b4 {[%clk 0:52:47]} Rae8 {[%clk 1:30:19]} 16. a4
{[%clk 0:51:59]} Ne4 {[%clk 1:22:28]} 17. Rb2 {[%clk 0:41:54]} Nxd2
{[%clk 1:20:34]} 18. Nxd2 {[%clk 0:40:04]} Bxe2 {[%clk 1:19:52]} 19. Rxe2
{[%clk 0:39:44]} Qb6 {[%clk 1:14:06]} 20. Rxe7 {[%clk 0:34:42]} Rxe7
{[%clk 1:14:22]} 21. Nf3 {[%clk 0:34:17]} a5 {[%clk 1:10:01]} 22. b5
{[%clk 0:30:43]} Bb4 {[%clk 1:02:47]} 23. Na2 {[%clk 0:28:08]} Bd6
{[%clk 0:56:54]} 24. Qb1 {[%clk 0:21:36]} c5 {[%clk 0:53:55]} 25. Nc3
{[%clk 0:19:57]} Nf6 {[%clk 0:53:14]} 26. dxc5 {[%clk 0:17:56]} Bxc5
{[%clk 0:53:14]} 27. Qd1 {[%clk 0:15:51]} Bxf2+ {[%clk 0:49:09]} 28. Kh1
{[%clk 0:14:17]} d4 {[%clk 0:47:01]} 29. Ne2 {[%clk 0:13:24]} Rd7
{[%clk 0:47:04]} 30. Ne5 {[%clk 0:12:44]} Rc7 {[%clk 0:42:50]} 31. Nd3
{[%clk 0:12:29]} Be3 {[%clk 0:42:24]} 32. Nef4 {[%clk 0:12:05]} Qd6
{[%clk 0:42:03]} 33. Qf3 {[%clk 0:11:49]} Qa3 {[%clk 0:40:38]} 34. Nd5
{[%clk 0:11:28]} 1/2-1/2

[Event "Eliminacje Strefowe do MPJ WP+ZP - C-11"]
[Site "Skorzecin"]
[Date "2018.09.26"]
[Round "4.1"]
[White "Skrzypinski, Jan"]
[Black "Kolendo, Kajetan"]
[Result "1-0"]
[BlackElo "1152"]
[WhiteElo "1423"]
[LiveChessVersion "1.4.8"]

1. e4 {[%clk 1:30:57]} e6 {[%clk 1:30:57]} 2. d4 {[%clk 1:31:23]} d5
{[%clk 1:31:22]} 3. Nc3 {[%clk 1:31:49]} Bb4 {[%clk 1:31:42]} 4. e5
{[%clk 1:31:52]} c5 {[%clk 1:31:51]} 5. a3 {[%clk 1:32:08]} cxd4 {[%clk 1:29:26]}
6. Qxd4 {[%clk 1:29:16]} Bxc3+ {[%clk 1:29:22]} 7. Qxc3 {[%clk 1:29:13]} Nc6
{[%clk 1:28:15]} 8. Bb5 {[%clk 1:28:43]} Nge7 {[%clk 1:27:32]} 9. f4
{[%clk 1:27:46]} Bd7 {[%clk 1:27:03]} 10. Nf3 {[%clk 1:23:59]} O-O
{[%clk 1:26:11]} 11. Bxc6 {[%clk 1:13:11]} Nxc6 {[%clk 1:26:09]} 12. Be3
{[%clk 1:11:30]} Rc8 {[%clk 1:14:34]} 13. Qd3 {[%clk 1:10:46]} Qa5+
{[%clk 1:06:35]} 14. Bd2 {[%clk 1:10:45]} Qc7 {[%clk 1:06:55]} 15. Ng5
{[%clk 1:10:08]} g6 {[%clk 0:51:11]} 16. h4 {[%clk 1:07:44]} Ne7 {[%clk 0:41:36]}
17. Bb4 {[%clk 1:07:13]} Rfe8 {[%clk 0:39:20]} 18. Bxe7 {[%clk 1:07:21]} Rxe7
{[%clk 0:39:40]} 19. c3 {[%clk 1:06:57]} Qc4 {[%clk 0:39:36]} 20. Qxc4
{[%clk 1:05:59]} Rxc4 {[%clk 0:40:05]} 21. g3 {[%clk 1:06:04]} h6
{[%clk 0:39:55]} 22. Nf3 {[%clk 1:06:08]} Re4+ {[%clk 0:39:59]} 23. Kd2
{[%clk 1:06:18]} Bb5 {[%clk 0:37:58]} 24. Nd4 {[%clk 1:06:41]} Ba6
{[%clk 0:37:43]} 25. b4 {[%clk 1:07:02]} Bc4 {[%clk 0:35:17]} 26. Rhe1
{[%clk 1:06:18]} Rxe1 {[%clk 0:34:35]} 27. Rxe1 {[%clk 1:06:41]} Rc7
{[%clk 0:33:33]} 28. g4 {[%clk 1:06:54]} Kg7 {[%clk 0:33:40]} 29. f5
{[%clk 1:07:07]} gxf5 {[%clk 0:27:13]} 30. gxf5 {[%clk 1:07:23]} exf5
{[%clk 0:27:09]} 31. Rg1+ {[%clk 1:05:04]} Kh7 {[%clk 0:22:39]} 32. Nxf5
{[%clk 1:05:07]} Bb5 {[%clk 0:19:22]} 33. Nd6 {[%clk 1:05:08]} Bc4
{[%clk 0:19:45]} 34. Ne8 {[%clk 1:05:19]} 1-0

[Event "Eliminacje Strefowe do MPJ WP+ZP - C-11"]
[Site "Skorzecin"]
[Date "2018.09.26"]
[Round "4.3"]
[White "Garwacki, Kornel"]
[Black "Labedzki, Kamil"]
[Result "1-0"]
[BlackElo "1210"]
[WhiteElo "1213"]
[LiveChessVersion "1.4.8"]

1. d4 {[%clk 1:30:58]} Nf6 {[%clk 1:30:49]} 2. c4 {[%clk 1:31:20]} e6
{[%clk 1:31:15]} 3. Nc3 {[%clk 1:31:46]} Bb4 {[%clk 1:31:25]} 4. Bf4
{[%clk 1:31:54]} Bxc3+ {[%clk 1:31:10]} 5. bxc3 {[%clk 1:32:17]} d5
{[%clk 1:31:20]} 6. e3 {[%clk 1:32:37]} c6 {[%clk 1:27:54]} 7. Nf3
{[%clk 1:32:38]} Qa5 {[%clk 1:27:08]} 8. Qc2 {[%clk 1:30:16]} Nbd7
{[%clk 1:20:40]} 9. Be2 {[%clk 1:25:06]} dxc4 {[%clk 1:19:29]} 10. Bxc4
{[%clk 1:24:48]} Ne4 {[%clk 1:10:43]} 11. Rc1 {[%clk 1:23:19]} Nef6
{[%clk 1:10:39]} 12. O-O {[%clk 1:23:00]} b6 {[%clk 1:04:57]} 13. Bb3
{[%clk 1:19:51]} Bb7 {[%clk 0:59:14]} 14. Rfe1 {[%clk 1:17:55]} c5
{[%clk 0:56:48]} 15. Nd2 {[%clk 1:16:10]} b5 {[%clk 0:41:46]} 16. c4
{[%clk 1:03:02]} b4 {[%clk 0:37:36]} 17. Qb2 {[%clk 0:56:56]} Qb6
{[%clk 0:33:27]} 18. Ba4 {[%clk 0:51:59]} O-O {[%clk 0:33:09]} 19. Bxd7
{[%clk 0:51:45]} Nxd7 {[%clk 0:33:22]} 20. Nb3 {[%clk 0:51:08]} Qc6
{[%clk 0:31:40]} 21. f3 {[%clk 0:51:04]} a5 {[%clk 0:31:51]} 22. Rcd1
{[%clk 0:44:13]} a4 {[%clk 0:30:11]} 23. Nxc5 {[%clk 0:44:15]} Rfc8
{[%clk 0:18:01]} 24. Nxd7 {[%clk 0:43:17]} Qxd7 {[%clk 0:13:28]} 25. Qxb4
{[%clk 0:42:38]} Qc6 {[%clk 0:07:36]} 26. c5 {[%clk 0:39:22]} Qd5
{[%clk 0:02:14]} 27. Rb1 {[%clk 0:37:06]} Bc6 {[%clk 0:01:00]} 28. Re2
{[%clk 0:36:07]} Ra7 {[%clk 0:01:25]} 29. Qb8 {[%clk 0:35:45]} Ra8
{[%clk 0:01:54]} 30. Qb4 {[%clk 0:35:33]} Ra7 {[%clk 0:02:20]} 31. Reb2
{[%clk 0:34:17]} Rb7 {[%clk 0:02:24]} 32. Qd2 {[%clk 0:34:11]} Rxb2
{[%clk 0:02:53]} 33. Qxb2 {[%clk 0:33:56]} h6 {[%clk 0:02:57]} 34. e4
{[%clk 0:33:37]} Qd7 {[%clk 0:00:44]} 35. Bd6 {[%clk 0:33:54]} Kh8
{[%clk 0:01:02]} 36. Qb6 {[%clk 0:32:04]} Kg8 {[%clk 0:00:46]} 37. Qa6
{[%clk 0:31:53]} Ra8 {[%clk 0:01:01]} 38. Qc4 {[%clk 0:31:49]} a3
{[%clk 0:00:42]} 39. Rb6 {[%clk 0:30:41]} Rc8 {[%clk 0:00:48]} 40. Qb4
{[%clk 0:29:52]} Ba4 {[%clk 0:00:34]} 41. Rb8 {[%clk 0:29:01]} Rxb8
{[%clk 0:01:03]} 42. Qxb8+ {[%clk 0:29:16]} Kh7 {[%clk 0:01:31]} 43. Qc7
{[%clk 0:28:07]} Qb5 {[%clk 0:02:00]} 44. Qxf7 {[%clk 0:27:50]} Qb4
{[%clk 0:02:21]} 45. h3 {[%clk 0:26:25]} Qxd4+ {[%clk 0:02:08]} 46. Kh2
{[%clk 0:26:40]} Qb2 {[%clk 0:00:53]} 1-0

[Event "Eliminacje Strefowe do MPJ WP+ZP - C-11"]
[Site "Skorzecin"]
[Date "2018.09.27"]
[Round "5.1"]
[White "Skrzypinski, Jan"]
[Black "Baszczynski, Gabriel"]
[Result "0-1"]
[BlackElo "1363"]
[WhiteElo "1423"]
[LiveChessVersion "1.4.8"]

1. Nf3 {[%clk 1:30:58]} c5 {[%clk 1:30:42]} 2. c4 {[%clk 1:31:20]} Nf6
{[%clk 1:30:51]} 3. g3 {[%clk 1:31:40]} b6 {[%clk 1:31:16]} 4. Bg2
{[%clk 1:32:05]} Bb7 {[%clk 1:31:42]} 5. Nc3 {[%clk 1:32:05]} g6 {[%clk 1:32:01]}
6. O-O {[%clk 1:32:05]} Bg7 {[%clk 1:32:29]} 7. e3 {[%clk 1:32:28]} e6
{[%clk 1:32:50]} 8. d4 {[%clk 1:32:05]} Na6 {[%clk 1:32:42]} 9. b3
{[%clk 1:32:14]} O-O {[%clk 1:33:07]} 10. Bb2 {[%clk 1:32:30]} d5
{[%clk 1:33:30]} 11. Ne5 {[%clk 1:32:26]} Nc7 {[%clk 1:31:53]} 12. Rc1
{[%clk 1:32:24]} Rb8 {[%clk 1:32:10]} 13. dxc5 {[%clk 1:30:58]} bxc5
{[%clk 1:32:28]} 14. Na4 {[%clk 1:30:26]} Na6 {[%clk 1:27:36]} 15. cxd5
{[%clk 1:29:50]} Nxd5 {[%clk 1:27:17]} 16. e4 {[%clk 1:27:56]} Ndb4
{[%clk 1:27:38]} 17. a3 {[%clk 1:27:56]} Nc6 {[%clk 1:25:55]} 18. Nxc6
{[%clk 1:27:52]} Bxc6 {[%clk 1:26:01]} 19. Bxg7 {[%clk 1:28:02]} Kxg7
{[%clk 1:26:02]} 20. Qxd8 {[%clk 1:28:24]} Rfxd8 {[%clk 1:26:15]} 21. Nxc5
{[%clk 1:28:43]} Bb5 {[%clk 1:26:32]} 22. Rfe1 {[%clk 1:28:26]} Rbc8
{[%clk 1:26:12]} 23. Nxa6 {[%clk 1:28:40]} Rxc1 {[%clk 1:26:19]} 24. Rxc1
{[%clk 1:29:03]} Bxa6 {[%clk 1:26:39]} 25. Bf1 {[%clk 1:29:08]} Bxf1
{[%clk 1:25:03]} 26. Kxf1 {[%clk 1:29:31]} Rd3 {[%clk 1:25:04]} 27. Rc7
{[%clk 1:29:49]} Rxb3 {[%clk 1:24:41]} 28. Rxa7 {[%clk 1:30:13]} g5
{[%clk 1:25:02]} 29. a4 {[%clk 1:30:22]} Rb4 {[%clk 1:25:11]} 30. f3
{[%clk 1:29:06]} Rb3 {[%clk 1:25:36]} 31. Kg2 {[%clk 1:29:11]} Rb2+
{[%clk 1:25:58]} 32. Kh3 {[%clk 1:29:29]} Rf2 {[%clk 1:26:11]} 33. a5
{[%clk 1:29:23]} Rxf3 {[%clk 1:26:29]} 34. a6 {[%clk 1:29:22]} h5
{[%clk 1:26:12]} 35. Ra8 {[%clk 1:29:31]} Rf2 {[%clk 1:25:51]} 36. a7
{[%clk 1:27:49]} g4+ {[%clk 1:24:49]} 37. Kh4 {[%clk 1:28:17]} Rxh2+
{[%clk 1:24:40]} 38. Kg5 {[%clk 1:28:37]} f6+ {[%clk 1:25:03]} 39. Kf4
{[%clk 1:28:58]} Rf2+ {[%clk 1:25:14]} 40. Ke3 {[%clk 1:29:23]} Ra2
{[%clk 1:25:36]} 41. e5 {[%clk 1:29:03]} fxe5 {[%clk 1:25:09]} 42. Ke4
{[%clk 1:29:13]} h4 {[%clk 1:25:25]} 43. Rb8 {[%clk 1:26:02]} Rxa7
{[%clk 1:25:37]} 44. gxh4 {[%clk 1:25:21]} Kg6 {[%clk 1:25:38]} 45. Rg8+
{[%clk 1:25:35]} Rg7 {[%clk 1:26:01]} 46. Ra8 {[%clk 1:25:11]} Rh7
{[%clk 1:24:46]} 47. Rg8+ {[%clk 1:25:26]} Kh5 {[%clk 1:25:09]} 48. Ra8
{[%clk 1:24:53]} Kxh4 {[%clk 1:25:26]} 49. Ra1 {[%clk 1:25:15]} Rg7
{[%clk 1:25:25]} 50. Ra8 {[%clk 1:18:55]} Kg3 {[%clk 1:25:20]} 51. Kxe5
{[%clk 1:18:14]} Kf2 {[%clk 1:25:19]} 52. Kf4 {[%clk 1:18:14]} e5+
{[%clk 1:23:35]} 53. Kxe5 {[%clk 1:16:39]} g3 {[%clk 1:23:54]} 54. Kf4
{[%clk 1:15:49]} g2 {[%clk 1:23:42]} 55. Ra2+ {[%clk 1:16:11]} Kg1
{[%clk 1:23:39]} 56. Ra8 {[%clk 1:16:20]} Rh7 {[%clk 1:23:28]} 0-1

[Event "Eliminacje Strefowe do MPJ WP+ZP - C-11"]
[Site "Skorzecin"]
[Date "2018.09.27"]
[Round "5.2"]
[White "Stanislawski, Karol"]
[Black "Garwacki, Kornel"]
[Result "1-0"]
[BlackElo "1213"]
[WhiteElo "1072"]
[LiveChessVersion "1.4.8"]

1. d4 {[%clk 1:30:50]} d5 {[%clk 1:30:59]} 2. c4 {[%clk 1:31:09]} e6
{[%clk 1:31:26]} 3. Nf3 {[%clk 1:31:33]} Nf6 {[%clk 1:31:50]} 4. g3
{[%clk 1:31:55]} Be7 {[%clk 1:32:05]} 5. Bg2 {[%clk 1:32:16]} dxc4
{[%clk 1:32:12]} 6. O-O {[%clk 1:32:16]} c6 {[%clk 1:32:29]} 7. Nbd2
{[%clk 1:31:02]} b5 {[%clk 1:32:36]} 8. a4 {[%clk 1:30:19]} Bb7 {[%clk 1:30:55]}
9. Qc2 {[%clk 1:20:02]} Qd7 {[%clk 1:28:49]} 10. Rd1 {[%clk 1:12:57]} O-O
{[%clk 1:27:53]} 11. Nf1 {[%clk 1:07:45]} Na6 {[%clk 1:24:58]} 12. Ne5
{[%clk 1:00:52]} Nb4 {[%clk 1:17:09]} 13. Qc3 {[%clk 0:55:58]} Nfd5
{[%clk 1:11:37]} 14. Qxb4 {[%clk 0:54:13]} Nxb4 {[%clk 1:07:50]} 15. Nxd7
{[%clk 0:54:09]} Rfd8 {[%clk 1:07:40]} 16. Ne5 {[%clk 0:54:17]} Bf6
{[%clk 1:07:21]} 17. Bf4 {[%clk 0:54:21]} g5 18. Be3 {[%clk 0:53:28]} Nc2
{[%clk 1:05:46]} 19. Rac1 {[%clk 0:53:42]} Nxe3 {[%clk 1:05:40]} 20. Nxe3
{[%clk 0:53:54]} Bxe5 {[%clk 1:05:12]} 21. dxe5 {[%clk 0:52:56]} Kg7
{[%clk 1:05:04]} 22. axb5 {[%clk 0:53:00]} Rxd1+ {[%clk 1:04:31]} 23. Rxd1
{[%clk 0:52:32]} Rc8 {[%clk 1:04:08]} 24. Nxc4 {[%clk 0:52:13]} a6
{[%clk 1:03:18]} 25. Nd6 {[%clk 0:52:22]} Rd8 {[%clk 1:03:11]} 26. Bxc6
{[%clk 0:52:17]} Bxc6 {[%clk 1:03:27]} 27. bxc6 {[%clk 0:52:25]} Kf8
{[%clk 1:03:36]} 28. c7 {[%clk 0:52:37]} 1-0